Statistics for Mr. Men & Little Miss Characters

Click here to take the quiz!

General Stats

  • This quiz has been taken 455 times
    (29 since last reset)
  • The average score is 44 of 87

Answer Stats

BookYearAnswer% Correct
61971Mr. Bump
92%
11971Mr. Tickle
92%
31971Mr. Happy
85%
41981Little Miss Sunshine
77%
81972Mr. Messy
77%
41971Mr. Nosey
77%
121972Mr. Small
77%
261976Mr. Strong
77%
311978Mr. Tall
77%
131981Little Miss Greedy
69%
221976Mr. Bounce
69%
211976Mr. Fussy
69%
21971Mr. Greedy
69%
171976Mr. Lazy
69%
161976Mr. Noisy
69%
291978Mr. Quiet
69%
11981Little Miss Bossy
62%
141984Little Miss Giggles
62%
71981Little Miss Helpful
62%
21981Little Miss Naughty
62%
281978Mr. Clumsy
62%
271978Mr. Grumpy
62%
151976Mr. Jelly
62%
452003Mr. Rude
62%
51971Mr. Sneeze
62%
261990Little Miss Brainy
54%
161984Little Miss Chatterbox
54%
291990Little Miss Fun
54%
31981Little Miss Neat
54%
312003Little Miss Scary
54%
332003Little Miss Whoops
54%
401990Mr. Brave
54%
442003Mr. Cool
54%
471985 / 2010Mr. Nobody
54%
421990Mr. Perfect
54%
301978Mr. Rush
54%
351978Mr. Skinny
54%
111972Mr. Snooty
54%
221990Little Miss Busy
46%
251990Little Miss Tidy
46%
51981Little Miss Tiny
46%
241990Little Miss Wise
46%
492016Mr. Adventure
46%
381978Mr. Busy
46%
201976Mr. Chatterbox
46%
371978Mr. Clever
46%
131972Mr. Daydream
46%
141976Mr. Forgetful
46%
181976Mr. Funny
46%
482016Mr. Marvelous
46%
191976Mr. Mean
46%
361978Mr. Mischief
46%
231976Mr. Muddle
46%
101972Mr. Silly
46%
391978Mr. Slow
46%
71971Mr. Snow
46%
91972Mr. Topsy-Turvy
46%
321978Mr. Worry
46%
322003Little Miss Bad
38%
211984Little Miss Contrary
38%
281990Little Miss Curious
38%
171984Little Miss Dotty
38%
352014Little Miss Hug
38%
111981Little Miss Late
38%
81981Little Miss Magic
38%
342011Little Miss Princess
38%
121981Little Miss Scatterbrain
38%
91981Little Miss Shy
38%
301990Little Miss Somersault
38%
101981Little Miss Splendid
38%
191984Little Miss Star
38%
151984Little Miss Twins
38%
431990Mr. Cheerful
38%
241976Mr. Dizzy
38%
462003Mr. Good
38%
251976Mr. Impossible
38%
331978Mr. Nonsense
38%
341978Mr. Wrong
38%
201984Little Miss Fickle
31%
362018Little Miss Inventor
31%
231990Little Miss Quick
31%
61981Little Miss Trouble
31%
411990Mr. Grumble
31%
372021Little Miss Brave
23%
181984Little Miss Lucky
23%
271990Little Miss Stubborn
23%
502021Mr. Calm
23%

Score Distribution

Percentile by Number Answered

Percent of People with Each Score

Your Score History

You have not taken this quiz since the last reset